| 000 | 00573nam a2200181Ia 4500 | ||
|---|---|---|---|
| 005 | 20250326130840.0 | ||
| 008 | 250326s9999 xx 000 0 und d | ||
| 037 | _aTextbook | ||
| 040 |
_aFMSL _beng _cFMSL |
||
| 041 |
_aeng _2eng |
||
| 084 |
_aSoby Q8 _qFMSL |
||
| 100 |
_aScalambrino F _9741555 |
||
| 245 | 0 |
_aPhilosophical principles of the history and systems of psychology: essential distinctions _cScalambrino F |
|
| 260 |
_aSwitzerland _bSwitzerland, Palgrave Macmillan _c2018 |
||
| 300 | _a250p | ||
| 942 |
_cTB _hSoby Q8 |
||
| 999 |
_c1284369 _d1284369 |
||